00402 a2200145 4500001000700000003000400007005001700011008004100028082001800069100003600087245007700123260002700200300001000227700001900237131074OSt20210907150354.0  a747.095bA96M1 aAyudhya, Wongvipa Devahastin Na1 aModern Asian livingcby Wongvipa Devahastin Na Ayudhya and Sakul Intakul bPeriplus Editionc2005 a208p. aIntakul, Sakul